000 00554nam a2200133Ia 4500
008 220620s9999||||xx |||||||||||||| ||und||
022 _a2364-4087
100 _aNina Merhaut||Sieglinde Rosenberger||Verena Stern
245 0 _aProtest Movements in Asylum and Deportation
546 _aEnglish[eng]
650 _aPolitical participation||Protest mobilization and outcome||Pro-migrant protest||Deportation nation||Anti-migrant protest||Refugees||Emotions and social ties
856 _uhttps://link.springer.com/book/10.1007/978-3-319-74696-8
942 _cEB
999 _c33988
_d33988